Best Offensive Lineman In NFL History - Statistics

General Stats
  • This quiz has been taken 54 times
  • The average score is 5 of 24
Answer Stats
Hint Answer % Correct
Eagles Jason Kelce
67%
49eers Trent Williams
59%
Bengals Anthony Munoz
57%
Cowboys Larry Allen
49%
Browns Joe Thomas
35%
Titans Bruce Matthews
31%
Eagles Lane Johnson
29%
Patriots John Hannah
24%
Seahawks Walter Jones
18%
Packers Forrest Gregg
16%
Cowboys Zack Martin
16%
Vikings Randall McDaniel
14%
Texans Laremy Tunsil
10%
Ravens Johnathan Ogden
8%
Seahawks Steve Hutchinson
8%
Chiefs Joe Thuney
6%
Ravens Marshall Yanda
6%
Steelers Alan Faneca
4%
Browns Joel Bitonio
4%
Jets Kevin Mawae
4%
Broncos Gary Zimmerman
2%
Dolphins Larry Little
2%
Saints Willie Roaf
2%
Cowboys Tyron Jones
0%
No matching quizzes found
Score Distribution
Percent of People with Each Score
Percentile by Number Answered
Your Score History
You have not taken this quiz